Graphical methods for data analysis
Uloženo v:
| Hlavní autor: | |
|---|---|
| Médium: | Kniha |
| Jazyk: | angličtina |
| Vydáno: |
Belmont
Wadsworth International Group
1983
|
| Edice: | The Wadsworth statistics. Probability series
|
| Témata: | |
| Tagy: |
Přidat tag
Žádné tagy, Buďte první, kdo vytvoří štítek k tomuto záznamu!
|
MARC
| LEADER | 00000nam a2200000 a 4500 | ||
|---|---|---|---|
| 001 | UCW1142 | ||
| 003 | CL-VaPUC | ||
| 008 | 910927e19830000US |||||||||||||||||eng|d | ||
| 082 | 0 | 4 | |a 519.5 |b CHA |2 21 |
| 100 | 0 | |a Chambers, John M |e author |9 305046 | |
| 245 | 1 | 0 | |a Graphical methods for data analysis |
| 300 | |a 395 p | ||
| 942 | |c BK | ||
| 945 | |d 19910927 00:00:00 | ||
| 260 | |a Belmont |b Wadsworth International Group |c 1983 | ||
| 650 | 7 | |a ESTADISTICA METODOS GRAFICOS |2 CL-VaPUC |9 305047 | |
| 650 | 0 | |a Gráficos por computador |9 262412 | |
| 583 | |a last modification |c 19910927 00:00:00 |k Rodrigo Vera | ||
| 490 | 0 | |a The Wadsworth statistics. Probability series | |
| 999 | |c 216081 |d 216079 | ||
| 952 | |0 0 |1 0 |4 0 |6 519_500000000000000_CHA_1983 |7 0 |8 A |9 201537 |a BIBGIM |b BIBGIM |d 2019-11-14 |i 2687844 |o 519.5 CHA 1983 |p 2687844 |r 2025-01-15 |w 2019-11-14 |y BK |k EST | ||